000 00350pam a2200157a 44500
008 230515b1999 xxu||||| |||| 00| 0 eng d
020 _aNULL
041 _aENG
082 _aNULL
100 _aBUDHANANDA S
245 _aCAN ONE BE SCIENTIFIC AND YET SPIRITUAL ?
250 _a0
260 _aNULL
_bNULL
_c1999
300 _a85
650 _aNULL
999 _c478436
_d478436